000 00581nam a2200217Ia 4500
003 OSt
005 20220926042631.0
006 a|||||r|||| 00| 0
007 ta
008 220923b |||||||| |||| 00| 0 eng d
037 _cGeneral Book
040 _aRTL
_cRTL
_beng
041 _2eng
_aeng
082 _aX9(F).2.N6, K1
100 _ade Sousa J P
_9346532
245 0 _aHistory of the chemical industry in india
260 _c1961
650 _aTechnologcal Industry
_9240363
942 _hX9(F).2.N6, K1
_cGB
_2CC
999 _c670214
_d670214